| 000 | 00750cam a22002653a 4500 | ||
|---|---|---|---|
| 001 | 20817 | ||
| 003 | PGUSA | ||
| 005 | 20140828083437.0 | ||
| 008 | 070314s2007||||xxu|||||s|||||000 | eng d | ||
| 040 |
_aPGUSA _beng |
||
| 042 | _adc | ||
| 050 | 4 | _aRJ | |
| 100 | 1 |
_aSadler, William S. _q(William Samuel), _d1875-1969 |
|
| 245 | 1 | 4 |
_aThe Mother and Her Child _h[electronic resource] / _cWilliam S. Sadler |
| 260 |
_bProject Gutenberg, _c2007 |
||
| 506 | _aPublic domain in the USA. | ||
| 516 | _aElectronic text | ||
| 653 | _aChild care | ||
| 653 | _aInfants -- Care | ||
| 653 | _aPregnancy | ||
| 653 | _aInfants -- Health and hygiene | ||
| 830 | 0 |
_aProject Gutenberg _v20817 |
|
| 856 | 4 | 0 | _uhttp://www.gutenberg.org/ebooks/20817 |
| 942 | _cEB | ||
| 999 |
_c250072 _d250072 |
||